La invasión por Los Andes, ayer, hoi i mañana

Сохранить в:
Библиографические подробности
Главный автор: Blanchard Chessi, Enrique (Автор)
Формат:
Язык:испанский
Опубликовано: Santiago Imprenta Moderna, Moneda 2015 1898
Редактирование:1a. ed
Предметы:
Метки: Добавить метку
Нет меток, Требуется 1-ая метка записи!

MARC

LEADER 00000nam a2200000 a 4500
001 UCJ4760
003 CL-VaPUC
008 070124e18980918CL |||||||||||||||||spa|d
082 0 4 |a 983  |b BLA  |2 21 
100 0 |a Blanchard Chessi, Enrique  |e author  |9 509018 
245 1 3 |a La invasión por Los Andes, ayer, hoi i mañana 
250 |a 1a. ed 
300 |a 46 p 
942 |c BK 
945 |d 20070124 00:00:00  |a rinostro 
260 |a Santiago  |b Imprenta Moderna, Moneda 2015  |c 1898 
500 |a En p. 41, retrato del general Guillermo Miller. Empastado junto a otras monografías en un volumen rotulado General San Martín; ubicación 983 BLA 
500 |a Análisis, a partir de la experiencia del Ejército Libertador, de las posibilidades de ser Chile invadido a través de la cordillera de Los Andes 
600 0 7 |a CORDILLERA DE LOS ANDES  |2 CL-VaPUC  |9 357907 
650 0 |a Guerra de la independencia   |9 331979 
650 7 |a PASO DE LOS ANDES  |2 CL-VaPUC  |9 504321 
650 7 |a BATALLA DE CHACABUCO  |2 CL-VaPUC  |9 505034 
650 0 |a Iconografía   |9 267998 
651 0 |a Argentina  |9 254888 
651 7 |a CHILE  |2 CL-VaPUC  |9 509019 
583 |a last modification  |c 20131003 04:49:39  |k Rodrigo Vera 
999 |c 320875  |d 320873 
952 |0 0  |1 0  |4 0  |6 983_000000000000000_BLA_1898  |7 0  |8 X  |9 399491  |a FDOBUD  |b FDOBUD  |d 2019-11-22  |i 1025546  |o 983 BLA 1898  |p 1025546  |r 2019-11-22  |w 2019-11-22  |y BK_X  |k BUD